00481nam a2200205Ia 450000500170000000800460001702000180006303700100008104000080009104000080009904000080010704100080011504100080012308400080013124500320013926000310017126000090020265000150021185600490022620260306150511.0008 260114s9999 xx 000 0 eng d a9780691221885 aEbook aCRL beng cCRL 2eng aeng qCRL 0aEncounters with Kierkegaard bPrinceton University Press c1996 aPhilosophy uhttps://www.degruyter.com/isbn/9780691221885